000 00554nam a2200193Ia 4500
005 20260114185621.0
008 008 260114s9999 xx 000 0 eng d
020 _a9798400612558
037 _aEBOOK
040 _aCRL
_beng
_cCRL
041 _aeng
_2eng
084 _qCRL
100 _aBarbara A. Gannon
_9872274
245 0 _aAmericans Remember Their Civil War
260 _bBloomsbury
_c2017
856 _uhttps://doi.org/10.5040/9798400612558?locatt=label:secondary_bloomsburyCollections
942 _cEBOOK
999 _c1471222
_d1471222